00373nam a2200157Ia 4500008004100000082001600041100003000057245001500087250000600102260000900108300000800117600003000125630001500155700003000170730001500200090124s9999 xx 000 0 und d b19908a3553 aआपटे ह. ना. a आजच a2 c1965 a212 aआपटे ह. ना. a आजच aआपटे ह. ना. a आजच